LEADER 01353nam a2200277 i 4500 001 000000354169 003 CaOOAMICUS 005 20230612115528.0 008 230612s2009 it u100 u ita u 020 $a978-88-8272-467-2 040 $aSeMil$bita 245 02$aL'olio sulle ferite :$buna risposta alle piaghe dell'aborto e del divorzio /$ca cura di Livio Melina e Carl A. Anderson. 264 1$aSiena :$bCantagalli,$c2009. 300 $a292 p. ;$c24 cm. 490 1 $aAmore umano ;$v6 500 $aAtti del Congresso internazionale di ricerca sullo statuto della teologia morale fondamentale tenuto a Roma nal 2008 650 4$aTeologia morale - Atti di congressi.$0(OLS)http://semarc/subject/18499 700 1 $aAnderson, Carl A.,$d<1951- >.$0(OLS)http://semarc/name/75306 700 1 $aMelina, Livio,$d<1952- >.$0(OLS)http://semarc/name/3365 830 0$aAmore umano ;$v6.$0(OLS)http://semarc/title/419338 850 $aSeMil 852 $aSeMil$W1$xVenegono$y1$m2MA H 6$j241340$B245411$CSeMilBibl$Z2$F245411 $81 996 $6020$a978-88-8272-467-2$9(OLS)http://semarc/number/298327 996 $6245$aL'olio sulle ferite :$buna risposta alle piaghe dell'aborto e del divorzio$9(OLS)http://semarc/title/444305 996 $6264$aSiena :$bCantagalli$9(OLS)http://semarc/publisher/29767 LEADER 01071nam a2200217 i 4500 001 000000029969 003 CaOOAMICUS 005 20230717115021.0 008 180830s1969 gw u000 u ger u 040 $aSeMil$bita 100 1 $aBraun, Herbert <1903- >.$0(OLS)http://semarc/name/13180 245 10$aSpätjüdisch-häretischer und frühchristlicher Radikalismus :$bJesus von Nazareth und die essenische Qumransekte /$cvon Herbert Braun. 260 $aTübingen :$bMohr Siebeck,$c1969. 300 $a2 v. ;$c24 cm. 490 1 $aBeiträge zur historischen Theologie 774 0 $tSpätjudentum.$kBeiträge zur historischen Theologie$g1$w()60594 774 0 $tSynoptiker.$kBeiträge zur historischen Theologie$g2$w()230007 830 0$aBeiträge zur historischen Theologie.$0(OLS)http://semarc/title/18687 996 $6245$aSpätjüdisch-häretischer und frühchristlicher Radikalismus :$bJesus von Nazareth und die essenische Qumransekte$9(OLS)http://semarc/title/40775 996 $6260$aTübingen :$bMohr Siebeck$9(OLS)http://semarc/publisher/30329